Responses for show #4116 - Monday, June 24, 2002

Eric Floyd game 3.

Contestants

Peter Paniccia, a bartender from Columbus, Ohio

Maria Harrigan, an attorney from Chicago, Illinois

Eric Floyd, a college student from Calhoun, Georgia (whose 2-day cash winnings total $55,200)

Jeopardy! Round responses

HISTORIC NICKNAMES
HAIL TO THE K.C. CHIEF
GIVE 'EM A HAND
GERMAN CITIES
DISASTER DIGEST
GARDEN TALK
    $200 2
Gypsy Rose Lee

Triple Stumper
    $200 1
Joe Montana

Peter
    $200 17
"I Want To Hold Your Hand"

Eric
    $200 10
Berlin

Eric
    $200 15
earthquake

Maria
    $200 26
hedge

Maria
    $400 3
(Peter: Who is Priestley?)

Isaac Newton

Peter
Triple Stumper
    $400 6
Len Dawson

Eric
    $400 18
dead man's hand

Eric
    $400 11
Munich

Peter
    $400 16
tornado

Eric
    $400 27
root

Peter
    $600 4
Beau Brummell

Peter
    $600 7
Marcus Allen

Eric
    $600 19
Cool Hand Luke

Peter
    $600 12
Cologne

Eric
    $600 22
hail

Peter
    $600 28
(Maria: [long pause] No.)

plant

EricMaria
    $800 5
Lech Walesa

Eric
    $800 8
Hank Stram

Eric
    $800 20
Pontius Pilate

Eric
    $1,600 13
Hanover

Eric
    $800 23
avalanche

Maria
    $800 29
(Maria: What is lame?)

leaf

EricMaria
    $1000 25
(Maria: Who is Stalin?)

Khrushchev

EricMaria
    $1000 9
Buck Buchanan

Triple Stumper
    $1000 21
The Wealth of Nations

Eric
    $1000 14
(Eric: What is Bremen?)

Hamburg

Eric
Triple Stumper
    $1000 24
typhoon

Eric
    $1000 30
iris

Peter

Scores at the first commercial break (after clue 14):

Eric Maria Peter
$4,000 $0 $800

Scores at the end of the Jeopardy! Round:

Eric Maria Peter
$10,200 -$1,200 $3,400

Double Jeopardy! Round responses

THE OLD TESTAMENT
GROUPS
GENETICS
BITS & PIECES
MUSICAL INSPIRATIONS
THE "CRU" CLUE
    $400 7
meek

Eric
    $400 1
crush

Peter
    $400 13
mother

Peter
    $400 5
(Peter: What is a lintel?)
...
(Alex: It'd be tough to carry your bride over the lintel since the lintel is over the door. [laughter] But, the [*] is under the door.)

threshold

Peter
Triple Stumper
    $400 26
Tommy

Eric
    $400 18
crude

Eric
    $800 8
fig

Eric
    $800 2
(Maria: What is a pack?)

flock

MariaPeter
    $800 14
Down Syndrome

Eric
    $800 6
tines

Eric
    $800 27
A Raisin in the Sun

Eric
    $800 19
cruel

Peter
    $1200 9
David

Peter
    $1200 3
herd mentality (instinct)

Eric
    $1200 15
stem cells

Peter
    $1200 23
(Peter: What is halt?)

frieze

Peter
Triple Stumper
    $1200 28
La Bohème

Peter
    $1200 20
Cruiser

Peter
    $1600 10
Jacob

Eric
    $1600 4
subset

Maria
    $3,000 16
(Peter: What is 23?)
(Alex: No, that's a haploid.)

46

Peter
    $1600 24
(Peter: What is a foot?)

shoe

Peter
Triple Stumper
    $1600 29
All About Eve

Triple Stumper
    $1600 21
Crusoe

Triple Stumper
    $2000 11
(Peter: [pause] What is [*]?)
(Alex: [*] is right. You counted them out. [laughter] Good for you.)

Deuteronomy

Peter
    $2000 12
horde

Peter
    $2000 17
Human Genome Project

Eric
    $2000 25
(Maria's response was said like "denteen" with Alex accepting it while also correcting the pronunciation.)

dentin

Maria
    $9,000 30
(Peter: What is Old Man River?)

Big River

Peter
    $2000 22
crudités

Peter

Scores at the end of the Double Jeopardy! Round:

Eric Maria Peter
$19,400 $1,600 $1,400
(lock game)

[wagering suggestions for these scores]

Final Jeopardy! Round responses

GOVERNMENT & ECONOMICS
PeterWhat is Equal Rights?
$1,400
MariaWhat is the flag pr equal right ame
$1,600
EricWhat is the seat belt Law?
$4,400
Balanced Budget Amendment

Final scores:

Eric Maria Peter
$15,000 $0 $0
3-day champion: $70,200 2nd place: $2,000 3rd place: $1,000

Game dynamics:

Coryat scores:

Eric Maria Peter
$18,600 $1,600 $13,400
26 R
(including 1 DD),
1 W
5 R,
4 W
18 R,
6 W
(including 2 DDs)

Combined Coryat: $33,600

The J! Archive is created by fans, for fans. The Jeopardy! game show and all elements thereof, including but not limited to copyright and trademark thereto, are the property of Jeopardy Productions, Inc. and are protected under law. This website is not affiliated with, sponsored by, or operated by Jeopardy Productions, Inc. Join the discussion at JBoard.tv.